| 000 | 00907nam a2200217 a 4500 | ||
|---|---|---|---|
| 005 | 20160115103126.0 | ||
| 008 | 140317t2002 pe a fr|||| 000 0 spa d | ||
| 040 |
_aCO-BoIAVH _cCO-BoIAVH |
||
| 041 | 0 | _aspa | |
| 044 | _ape | ||
| 082 | 0 | 4 |
_a628.3 _bC39s |
| 110 | 2 | _aCentro Panamericano de Ingeniería Sanitaria y Ciencias del Ambiente | |
| 245 | 1 | 0 |
_aSistemas integrados de tratamiento y usos de aguas residuales en América Latina, realidad y potencial : _bestudio de viabilidad de Ibagué, Colombia |
| 260 |
_aLima : _bCentro Panamericano de Ingeniería Sanitaria y Ciencias del Ambiente , _cc2002. |
||
| 300 |
_a68 páginas : _bIlustraciones ; _c28 x 21 cm. |
||
| 650 | 6 |
_aTratamiento de aguas residuales _zAmérica Latina |
|
| 650 | 6 | _aUso del agua | |
| 650 | 6 | _aGestión Ambiental | |
| 700 | 1 |
_aVanegas Gálvis, Mario _eDirector del proyecto |
|
| 942 |
_cLIBRO _2ddc |
||
| 999 |
_c4730 _d4730 |
||